[Event "Titled Tuesday intern op 31st Jan Early"]
[Site "Chess.com INT"]
[Date "2023.01.31"]
[Round "10"]
[White "Ambartsumova, Karina"]
[Black "Myshakov, Fyodor"]
[Result "1-0"]
[WhiteElo "2399"]
[BlackElo "2292"]
[PlyCount "47"]
[EventDate "2023.01.31"]
[EventType "swiss (blitz)"]
[EventRounds "11"]
[EventCountry "USA"]
[SourceTitle "CBM 212 Extra"]
[Source "ChessBase"]
[SourceDate "2023.03.31"]
[SourceVersion "1"]
[SourceVersionDate "2023.03.31"]
[SourceQuality "1"]

1. e4 c6 2. Ne2 d5 3. e5 Bf5 4. Ng3 Bg6 5. h4 h6 6. h5 Bh7 7. e6 fxe6 8. d4 e5 9. dxe5 e6 10. Bd3 Bf5 11. Nxf5 exf5 12. Bxf5 Ne7 13. Qg4 Qc7 14. 0-0 Nxf5 15. Qxf5 Bc5 16. Qe6+ Kd8 17. Bf4 Rf8 18. Bg3 Qe7 19. Qg4 Qf7 20. e6 Qf5 21. Qxg7 Qxe6 22. Qxb7 Qe2 23. Nc3 Qg4 24. Qc7+ 1-0

[Event "Titled Tuesday intern op 31st Jan Early"]
[Site "Chess.com INT"]
[Date "2023.01.31"]
[Round "4"]
[White "Myshakov, Fyodor"]
[Black "Ibarra Jerez, Jose Carlos"]
[Result "1-0"]
[WhiteElo "2292"]
[BlackElo "2563"]
[PlyCount "125"]
[EventDate "2023.01.31"]
[EventType "swiss (blitz)"]
[EventRounds "11"]
[EventCountry "USA"]
[SourceTitle "CBM 212 Extra"]
[Source "ChessBase"]
[SourceDate "2023.03.31"]
[SourceVersion "1"]
[SourceVersionDate "2023.03.31"]
[SourceQuality "1"]

1. c4 e5 2. Nc3 Nc6 3. Nf3 f5 4. d3 Bb4 5. Bd2 Nf6 6. g3 Bxc3 7. Bxc3 d6 8. Bg2 0-0 9. 0-0 Qe8 10. b4 Qh5 11. b5 Nd8 12. e3 f4 13. exf4 exf4 14. Nd2 Bg4 15. f3 Bd7 16. Bxf6 Rxf6 17. g4 Qe5 18. Ne4 Qd4+ 19. Kh1 Rf8 20. Qd2 Ne6 21. a4 Rae8 22. Rfe1 Nc5 23. Nxc5 dxc5 24. Rad1 Re3 25. Re2 Rfe8 26. Rde1 h6 27. Rxe3 Rxe3 28. Rxe3 fxe3 29. Qe2 g5 30. Bf1 Be8 31. Kg2 Bg6 32. h3 Kg7 33. a5 b6 34. axb6 axb6 35. Kg3 Kf6 36. Kg2 Ke5 37. Kg3 Kd6 38. Kg2 c6 39. bxc6 Kxc6 40. Qc2 Kb7 41. Qe2 Be8 42. Qc2 Bc6 43. Be2 Qf4 44. Qc3 Qd4 45. Qc1 Kc7 46. Kg3 h5 47. Kg2 hxg4 48. Qe1 gxf3+ 49. Bxf3 Qb2+ 50. Kg3 Qe5+ 51. Kg2 Qf4 52. Bxc6 Kxc6 53. Qe2 Kd6 54. Qf3 Kc7 55. Qe2 Kd8 56. Qf3 Kc7 57. Qe2 Qe5 58. Qf3 e2 59. Qf7+ Kb8 60. Qg8+ Kb7 61. Qg7+ Ka6 62. Qxe5 e1Q 63. Qxe1 1-0

[Event "Titled Tuesday intern op 17th Jan Early"]
[Site "Chess.com INT"]
[Date "2023.01.17"]
[Round "11"]
[White "Bodnaruk, Anastasia"]
[Black "Myshakov, Fyodor"]
[Result "1-0"]
[WhiteElo "2343"]
[BlackElo "2292"]
[PlyCount "57"]
[EventDate "2023.01.17"]
[EventType "swiss (blitz)"]
[EventRounds "11"]
[EventCountry "USA"]
[SourceTitle "CBM 212 Extra"]
[Source "ChessBase"]
[SourceDate "2023.03.31"]
[SourceVersion "1"]
[SourceVersionDate "2023.03.31"]
[SourceQuality "1"]

1. e4 c6 2. d4 d5 3. e5 Bf5 4. Nf3 e6 5. Be2 Ne7 6. 0-0 h6 7. Nbd2 Bh7 8. Nb3 Nf5 9. a4 Nd7 10. a5 Be7 11. g4 Nh4 12. Nxh4 Bxh4 13. f4 0-0 14. f5 Bg5 15. Bd3 exf5 16. gxf5 c5 17. e6 fxe6 18. fxe6 Bxd3 19. cxd3 c4 20. dxc4 dxc4 21. exd7 cxb3 22. Qxb3+ Kh8 23. Rxf8+ Qxf8 24. Bxg5 hxg5 25. Re1 Rd8 26. Qh3+ Kg8 27. Qe6+ Qf7 28. Qe8+ Qf8 29. Qxd8 1-0

[Event "Titled Tuesday intern op 17th Jan Early"]
[Site "Chess.com INT"]
[Date "2023.01.17"]
[Round "2"]
[White "Myshakov, Fyodor"]
[Black "Martin, Lewis"]
[Result "1-0"]
[WhiteElo "2292"]
[BlackElo "2135"]
[PlyCount "73"]
[EventDate "2023.01.17"]
[EventType "swiss (blitz)"]
[EventRounds "11"]
[EventCountry "USA"]
[SourceTitle "CBM 212 Extra"]
[Source "ChessBase"]
[SourceDate "2023.03.31"]
[SourceVersion "1"]
[SourceVersionDate "2023.03.31"]
[SourceQuality "1"]

1. c4 Nf6 2. Nc3 c6 3. Nf3 d5 4. cxd5 cxd5 5. d4 a6 6. Bf4 Nc6 7. e3 Bf5 8. Ne5 e6 9. g4 Bg6 10. h4 h5 11. Nxg6 fxg6 12. Bd3 Kf7 13. gxh5 gxh5 14. Bg5 Bb4 15. Rh3 e5 16. dxe5 Nxe5 17. Bf5 g6 18. Bc2 Qd7 19. Rf3 Nxf3+ 20. Qxf3 Qc6 21. 0-0-0 Bxc3 22. bxc3 Rad8 23. Rd4 Rhf8 24. Bxf6 Qxf6 25. Rf4 Kg7 26. Rxf6 Rxf6 27. Qg3 Rc8 28. Kd2 Rfc6 29. f4 b5 30. Bd3 Rf6 31. Qg5 Rd8 32. f5 Rdf8 33. fxg6 Rf2+ 34. Ke1 R8f6 35. Qxh5 Rxa2 36. Qh7+ Kf8 37. g7+ 1-0

[Event "Titled Tuesday intern op 17th Jan Early"]
[Site "Chess.com INT"]
[Date "2023.01.17"]
[Round "9"]
[White "Myshakov, Fyodor"]
[Black "Tasev, Dejan"]
[Result "1-0"]
[WhiteElo "2292"]
[BlackElo "2205"]
[PlyCount "91"]
[EventDate "2023.01.17"]
[EventType "swiss (blitz)"]
[EventRounds "11"]
[EventCountry "USA"]
[SourceTitle "CBM 212 Extra"]
[Source "ChessBase"]
[SourceDate "2023.03.31"]
[SourceVersion "1"]
[SourceVersionDate "2023.03.31"]
[SourceQuality "1"]

1. c4 Nf6 2. Nc3 g6 3. Nf3 Bg7 4. g3 0-0 5. Bg2 b6 6. Ne5 c6 7. 0-0 Bb7 8. d4 d6 9. Nd3 Nbd7 10. b3 Qc7 11. Bb2 a6 12. Rc1 Rac8 13. e4 e5 14. dxe5 dxe5 15. Qe2 Rfd8 16. Rfd1 Nf8 17. Na4 N6d7 18. Bh3 c5 19. Nc3 Ne6 20. Nd5 Bxd5 21. cxd5 Nd4 22. Bxd4 exd4 23. f4 Nf6 24. Bxc8 Qxc8 25. Qf3 a5 26. a4 h5 27. Re1 Ng4 28. e5 Qb7 29. Qe4 Ne3 30. e6 f5 31. e7 Re8 32. Qe6+ Kh7 33. Rxe3 dxe3 34. d6 e2 35. Ne5 Bxe5 36. Qxe5 Qf3 37. d7 Qxb3 38. dxe8Q Qd1+ 39. Rxd1 exd1Q+ 40. Kf2 Qd2+ 41. Qe2 Qd4+ 42. Kg2 Qd5+ 43. Qf3 Qd2+ 44. Kh3 h4 45. Qf7+ Kh6 46. Qf8+ 1-0

[Event "Titled Tuesday intern op 01st Nov Early"]
[Site "Chess.com INT"]
[Date "2022.11.01"]
[Round "7"]
[White "Chernobay, Artem"]
[Black "Myshakov, Fyodor"]
[Result "1-0"]
[WhiteElo "2484"]
[BlackElo "2292"]
[PlyCount "111"]
[EventDate "2022.11.01"]
[EventType "swiss (blitz)"]
[EventRounds "11"]
[EventCountry "USA"]
[SourceTitle "EXT 2024"]
[Source "ChessBase"]
[SourceDate "2023.10.10"]
[SourceVersion "1"]
[SourceVersionDate "2023.10.10"]
[SourceQuality "1"]

1. e4 c6 2. d4 d5 3. Nd2 dxe4 4. Nxe4 Bf5 5. Ng3 Bg6 6. h4 h6 7. Nf3 Nd7 8. h5 Bh7 9. Bd3 Bxd3 10. Qxd3 e6 11. Bd2 Qc7 12. 0-0-0 Ngf6 13. Ne4 0-0-0 14. c4 Nc5 15. Nxc5 Bxc5 16. Bc3 Bd6 17. Kb1 Rhe8 18. Qc2 c5 19. d5 e5 20. Rde1 Re7 21. Qf5+ Qd7 22. Qxd7+ Nxd7 23. Nh4 Ree8 24. Nf5 Bf8 25. Re2 a6 26. Rhe1 Nf6 27. Bxe5 Nxh5 28. g4 g6 29. gxh5 gxf5 30. Bf6 Rxe2 31. Rxe2 Rd6 32. Re8+ Kd7 33. Rd8+ Kc7 34. Rxd6 Bxd6 35. Bg7 Bf4 36. Kc2 b5 37. Kd3 b4 38. Bf8 Kb6 39. Ke2 a5 40. Kf3 Bg5 41. Kg3 a4 42. b3 axb3 43. axb3 Bd2 44. f4 Be1+ 45. Kf3 Bh4 46. Bxh6 Bf6 47. Bf8 Kc7 48. h6 Kd7 49. Bxc5 Bc3 50. Bf8 Ke8 51. Bg7 Ke7 52. Ke3 Bf6 53. d6+ Ke6 54. Bxf6 Kxf6 55. h7 Kg6 56. h8Q 1-0

[Event "Titled Tuesday intern op 01st Nov Early"]
[Site "Chess.com INT"]
[Date "2022.11.01"]
[Round "11"]
[White "Lopez, Henry"]
[Black "Myshakov, Fyodor"]
[Result "1-0"]
[WhiteElo "2102"]
[BlackElo "2292"]
[PlyCount "69"]
[EventDate "2022.11.01"]
[EventType "swiss (blitz)"]
[EventRounds "11"]
[EventCountry "USA"]
[SourceTitle "EXT 2024"]
[Source "ChessBase"]
[SourceDate "2023.10.10"]
[SourceVersion "1"]
[SourceVersionDate "2023.10.10"]
[SourceQuality "1"]

1. d4 d5 2. Nf3 Nf6 3. c4 dxc4 4. e3 e6 5. Bxc4 c5 6. Nc3 a6 7. a4 Nc6 8. 0-0 cxd4 9. exd4 Nb4 10. Qe2 Be7 11. Rd1 0-0 12. Ne5 Nfd5 13. Be3 Bf6 14. Rac1 b6 15. Nxd5 exd5 16. Bb3 Bf5 17. Qd2 a5 18. Qe2 Re8 19. Qb5 Qd6 20. Bf4 Qe6 21. Bg3 h5 22. h3 h4 23. Bf4 Rac8 24. Rc3 g5 25. Be3 g4 26. hxg4 Bxg4 27. Rdc1 Bxe5 28. dxe5 Qxe5 29. Rxc8 Rxc8 30. Rxc8+ Bxc8 31. Qxb6 Be6 32. Qd8+ Kh7 33. Qxh4+ Kg6 34. Bd4 Qh5 35. Qf6+ 1-0

[Event "Titled Tuesday intern op 02nd Aug Early"]
[Site "Chess.com INT"]
[Date "2022.08.02"]
[Round "4"]
[White "Myshakov, Fyodor"]
[Black "Dejmek, Mark W"]
[Result "1-0"]
[WhiteElo "2292"]
[BlackElo "2018"]
[PlyCount "79"]
[EventDate "2022.08.02"]
[EventType "swiss (blitz)"]
[EventRounds "11"]
[EventCountry "USA"]
[SourceTitle "EXT 2023"]
[Source "ChessBase"]
[SourceDate "2022.10.05"]
[SourceVersion "1"]
[SourceVersionDate "2022.10.05"]
[SourceQuality "1"]

1. c4 Nf6 2. Nc3 g6 3. Nf3 Bg7 4. g3 0-0 5. Bg2 d6 6. 0-0 Nc6 7. d4 Rb8 8. b3 a6 9. a3 b5 10. cxb5 axb5 11. b4 Nd7 12. Bf4 e5 13. Bg5 Bf6 14. d5 Ne7 15. Bh6 Bg7 16. Bxg7 Kxg7 17. h4 h6 18. Qd3 f5 19. Nd2 e4 20. Qd4+ Kh7 21. f3 exf3 22. Bxf3 Ne5 23. a4 bxa4 24. Rxa4 Bd7 25. Ra7 f4 26. gxf4 Nf5 27. Qf2 Nxf3+ 28. Nxf3 Rxb4 29. e4 Ng7 30. Qe3 Bg4 31. Rfa1 Bxf3 32. Qxf3 Qxh4 33. Qf2 Qg4+ 34. Qg2 Qxf4 35. Rxc7 Qe3+ 36. Kh1 Qxc3 37. Rxc3 Nh5 38. Rc7+ Kh8 39. Qxg6 Nf4 40. Qh7# 1-0

[Event "Titled Tuesday intern op 02nd Aug Early"]
[Site "Chess.com INT"]
[Date "2022.08.02"]
[Round "3"]
[White "Palacio, Igor Da Paz"]
[Black "Myshakov, Fyodor"]
[Result "1-0"]
[WhiteElo "2172"]
[BlackElo "2292"]
[PlyCount "51"]
[EventDate "2022.08.02"]
[EventType "swiss (blitz)"]
[EventRounds "11"]
[EventCountry "USA"]
[SourceTitle "EXT 2023"]
[Source "ChessBase"]
[SourceDate "2022.10.05"]
[SourceVersion "1"]
[SourceVersionDate "2022.10.05"]
[SourceQuality "1"]

1. e4 c6 2. d3 d5 3. Nd2 g6 4. g3 Bg7 5. Bg2 Nf6 6. Ngf3 0-0 7. 0-0 b6 8. Re1 Bb7 9. exd5 cxd5 10. Ne5 Qc7 11. Ndf3 Re8 12. Bf4 Qc8 13. Nxf7 Kxf7 14. Ng5+ Kg8 15. Bh3 Nbd7 16. Be6+ Kf8 17. Qg4 h5 18. Nh7+ Nxh7 19. Qxg6 Ng5 20. Bxg5 Ne5 21. Rxe5 Qxe6 22. Rxe6 Bc8 23. Bh6 Bxh6 24. Qxh6+ Kf7 25. Qg6+ Kf8 26. Qf5+ 1-0

[Event "Titled Tuesday intern op 07th Jun Early"]
[Site "Chess.com INT"]
[Date "2022.06.07"]
[Round "1"]
[White "Bortnyk, Olexandr"]
[Black "Myshakov, Fyodor"]
[Result "1-0"]
[WhiteElo "2604"]
[BlackElo "2292"]
[PlyCount "51"]
[EventDate "2022.06.07"]
[EventType "swiss (blitz)"]
[EventRounds "11"]
[EventCountry "USA"]
[SourceTitle "CBM 208 Extra"]
[Source "ChessBase"]
[SourceDate "2022.07.31"]
[SourceVersion "1"]
[SourceVersionDate "2022.07.31"]
[SourceQuality "1"]

1. d4 d5 2. Nc3 Nf6 3. Bf4 c6 4. e3 Bf5 5. Nf3 e6 6. Ne5 Nbd7 7. g4 Nxe5 8. gxf5 Ned7 9. fxe6 fxe6 10. Bh3 Qe7 11. Qe2 h6 12. e4 g5 13. Bg3 0-0-0 14. 0-0-0 h5 15. exd5 exd5 16. Be6 Ne4 17. Nxe4 dxe4 18. Qxe4 Bg7 19. d5 h4 20. dxc6 hxg3 21. Bxd7+ Rxd7 22. cxd7+ Kd8 23. Qxb7 Qf6 24. Qb8+ Ke7 25. d8Q+ Rxd8 26. Qxd8+ 1-0

[Event "Titled Tuesday intern op 07th Jun Early"]
[Site "Chess.com INT"]
[Date "2022.06.07"]
[Round "2"]
[White "Myshakov, Fyodor"]
[Black "Sanchez, Roberto Daniel"]
[Result "1-0"]
[WhiteElo "2292"]
[BlackElo "1974"]
[PlyCount "27"]
[EventDate "2022.06.07"]
[EventType "swiss (blitz)"]
[EventRounds "11"]
[EventCountry "USA"]
[SourceTitle "CBM 208 Extra"]
[Source "ChessBase"]
[SourceDate "2022.07.31"]
[SourceVersion "1"]
[SourceVersionDate "2022.07.31"]
[SourceQuality "1"]

1. c4 e6 2. Nc3 d5 3. cxd5 exd5 4. d4 Nf6 5. Nf3 Bb4 6. Bg5 h6 7. Bh4 g5 8. Bg3 Ne4 9. Qc2 Bf5 10. Qb3 h5 11. Qxb4 h4 12. Be5 f6 13. Qxb7 fxe5 14. Qxa8 1-0

[Event "Titled Tuesday intern op 26th Apr Early"]
[Site "Chess.com INT"]
[Date "2022.04.26"]
[Round "9"]
[White "Leiva Rodriguez, Jeammarco Giuseppe"]
[Black "Myshakov, Fyodor"]
[Result "1-0"]
[WhiteElo "2405"]
[BlackElo "2292"]
[PlyCount "99"]
[EventDate "2022.04.26"]
[EventType "swiss (blitz)"]
[EventRounds "11"]
[EventCountry "USA"]
[SourceTitle "CBM 208 Extra"]
[Source "ChessBase"]
[SourceDate "2022.07.31"]
[SourceVersion "1"]
[SourceVersionDate "2022.07.31"]
[SourceQuality "1"]

1. e4 c6 2. d4 d5 3. e5 Bf5 4. Nf3 e6 5. Be2 Nd7 6. 0-0 Ne7 7. a4 h6 8. a5 a6 9. Bd2 Bh7 10. Bb4 Ng6 11. Bxf8 Ngxf8 12. Bd3 Bxd3 13. Qxd3 Ng6 14. b4 0-0 15. Nbd2 Nh4 16. Ne1 Nf5 17. c3 Qg5 18. g3 Rae8 19. Ng2 g6 20. Rab1 h5 21. Rb2 Kg7 22. Rfb1 f6 23. exf6+ Qxf6 24. f4 Nd6 25. Nf3 Ne4 26. Re2 Qd8 27. Rbe1 Ndf6 28. Ne3 Qe7 29. Nd1 Rh8 30. Nb2 Qc7 31. Na4 h4 32. Nxh4 Rxh4 33. gxh4 Qxf4 34. Nc5 Qxh4 35. Nxe4 Nxe4 36. Rf1 Qg4+ 37. Rg2 Qh5 38. Qe3 Rf8 39. Rxf8 Kxf8 40. h3 Ke7 41. c4 g5 42. c5 Qh4 43. Kh2 Qh8 44. Rg1 Qf6 45. Kg2 Qh8 46. Rf1 Qg7 47. Kh2 g4 48. Qf4 g3+ 49. Kg2 Ke8 50. Qb8+ 1-0

[Event "Titled Tuesday intern op 26th Apr Early"]
[Site "Chess.com INT"]
[Date "2022.04.26"]
[Round "7"]
[White "Myshakov, Fyodor"]
[Black "Arabidze, Meri"]
[Result "1-0"]
[WhiteElo "2292"]
[BlackElo "2430"]
[PlyCount "71"]
[EventDate "2022.04.26"]
[EventType "swiss (blitz)"]
[EventRounds "11"]
[EventCountry "USA"]
[SourceTitle "CBM 208 Extra"]
[Source "ChessBase"]
[SourceDate "2022.07.31"]
[SourceVersion "1"]
[SourceVersionDate "2022.07.31"]
[SourceQuality "1"]

1. c4 f5 2. Nc3 Nf6 3. Nf3 e6 4. g3 b6 5. Bg2 Bb7 6. 0-0 Be7 7. d3 0-0 8. b3 Ng4 9. Bb2 Bf6 10. a3 Nc6 11. b4 Ne7 12. Qc2 Qe8 13. Rad1 Qh5 14. h3 Nh6 15. Nb5 Bxb2 16. Qxb2 Rfc8 17. c5 a6 18. Nbd4 Bd5 19. cxb6 cxb6 20. Rc1 Nf7 21. Rxc8+ Rxc8 22. Rc1 Nd6 23. Rxc8+ Nexc8 24. Qc1 Qe8 25. Ne5 Bxg2 26. Kxg2 Qd8 27. f4 Nf7 28. Ndf3 Ncd6 29. Nxf7 Nxf7 30. Qc4 Qa8 31. Qc7 Qc6 32. Qb8+ Nd8 33. Qxd8+ Kf7 34. Kf2 d6 35. Ng5+ Kg6 36. Qe7 1-0

[Event "Titled Tuesday intern op 26th Apr Early"]
[Site "Chess.com INT"]
[Date "2022.04.26"]
[Round "6"]
[White "Myshakov, Fyodor"]
[Black "Li, Ben"]
[Result "1-0"]
[WhiteElo "2292"]
[BlackElo "2361"]
[PlyCount "131"]
[EventDate "2022.04.26"]
[EventType "swiss (blitz)"]
[EventRounds "11"]
[EventCountry "USA"]
[SourceTitle "CBM 208 Extra"]
[Source "ChessBase"]
[SourceDate "2022.07.31"]
[SourceVersion "1"]
[SourceVersionDate "2022.07.31"]
[SourceQuality "1"]

1. c4 e6 2. Nc3 d5 3. cxd5 exd5 4. d4 Bb4 5. Nf3 Nf6 6. Bg5 Nbd7 7. e3 c5 8. Bb5 Qa5 9. Bxd7+ Nxd7 10. 0-0 c4 11. Ne2 h6 12. Bh4 0-0 13. Qc2 Re8 14. Ng3 Nf8 15. Nf5 Ng6 16. Bg3 b5 17. Ne5 Qb6 18. a3 Bf8 19. e4 Qxd4 20. Nxd4 Nxe5 21. Bxe5 Rxe5 22. exd5 Rxd5 23. Rad1 Bb7 24. Rfe1 Rg5 25. f3 Bc5 26. Kh1 a6 27. b4 Bf8 28. Nf5 h5 29. Rd7 Bc6 30. Ne7+ Bxe7 31. Rdxe7 h4 32. Qd2 Rg6 33. Qf4 h3 34. Qxf7+ Kh7 35. Qxg6+ Kxg6 36. R7e6+ Kf5 37. Rxc6 hxg2+ 38. Kxg2 Rd8 39. Re2 Rd3 40. Rxa6 c3 41. Rb6 g5 42. Rxb5+ Kf6 43. Rc5 g4 44. fxg4 Kg6 45. Rc2 Kf6 46. R5xc3 Rd1 47. Rc5 Ke6 48. h4 Kd6 49. h5 Re1 50. h6 Re7 51. g5 Rh7 52. Kg3 Rh8 53. Rf2 Ke6 54. Kg4 Ke7 55. Kh5 Ra8 56. Rf3 Rd8 57. h7 Rd1 58. Rh3 Rd8 59. Kh6 Kf7 60. g6+ Kf6 61. Rf3+ Ke7 62. g7 Rd6+ 63. Kh5 Kd7 64. g8Q Rd1 65. Rf7+ Kd6 66. Qg6# 1-0

[Event "Titled Tuesday intern op 26th Apr Early"]
[Site "Chess.com INT"]
[Date "2022.04.26"]
[Round "1"]
[White "Swiercz, Dariusz"]
[Black "Myshakov, Fyodor"]
[Result "0-1"]
[WhiteElo "2664"]
[BlackElo "2292"]
[PlyCount "126"]
[EventDate "2022.04.26"]
[EventType "swiss (blitz)"]
[EventRounds "11"]
[EventCountry "USA"]
[SourceTitle "CBM 208 Extra"]
[Source "ChessBase"]
[SourceDate "2022.07.31"]
[SourceVersion "1"]
[SourceVersionDate "2022.07.31"]
[SourceQuality "1"]

1. e4 c6 2. Nc3 d5 3. Nf3 Bg4 4. h3 Bxf3 5. Qxf3 e6 6. g3 Nd7 7. Bg2 Ngf6 8. 0-0 dxe4 9. Nxe4 Nxe4 10. Qxe4 Nf6 11. Qe2 Bd6 12. d4 0-0 13. c3 Rc8 14. Rd1 Qc7 15. Bg5 Be7 16. a4 h6 17. Bd2 a6 18. a5 Rcd8 19. h4 Rfe8 20. Bf3 Nd5 21. Kg2 Bf6 22. Re1 c5 23. dxc5 Qxc5 24. Red1 Qc7 25. Be4 Rd7 26. Bxh6 gxh6 27. Qf3 Bg7 28. Bxd5 exd5 29. Rxd5 Rxd5 30. Qxd5 Re5 31. Qf3 Rxa5 32. Rxa5 Qxa5 33. Qxb7 Qb5 34. Qa8+ Kh7 35. Qe4+ Kg8 36. Qa8+ Bf8 37. b4 Qc4 38. Qf3 Bg7 39. Qa8+ Kh7 40. Qd8 Bxc3 41. Qd7 Bxb4 42. Kg1 Bc5 43. Qf5+ Kg7 44. Kg2 a5 45. Qe5+ Kg8 46. Qe8+ Kh7 47. h5 a4 48. Qc6 a3 49. Qa8 a2 50. Kh2 Bxf2 51. g4 Qf4+ 52. Kg2 Qg3+ 53. Kf1 Qg1+ 54. Ke2 a1Q 55. Qe4+ Kg7 56. g5 Qae1+ 57. Kd3 Qxe4+ 58. Kxe4 Qxg5 59. Kf3 Bc5 60. Ke2 Qe3+ 61. Kd1 Qf2 62. Kc1 Bd4 63. Kb1 Qb2# 0-1

[Event "Titled Tuesday intern op 12th Apr Early"]
[Site "Chess.com INT"]
[Date "2022.04.12"]
[Round "9"]
[White "Myshakov, Fyodor"]
[Black "Avazkhonov, Alikhon"]
[Result "0-1"]
[WhiteElo "2292"]
[BlackElo "1538"]
[PlyCount "42"]
[EventDate "2022.04.12"]
[EventType "swiss (blitz)"]
[EventRounds "11"]
[EventCountry "USA"]
[SourceTitle "CBM 207 Extra"]
[Source "ChessBase"]
[SourceDate "2022.05.31"]
[SourceVersion "1"]
[SourceVersionDate "2022.05.31"]
[SourceQuality "1"]

1. c4 e5 2. Nc3 d6 3. Nf3 f5 4. d3 Nf6 5. g3 Be7 6. Bg2 0-0 7. 0-0 c6 8. e3 Na6 9. d4 e4 10. Nd2 d5 11. cxd5 cxd5 12. f3 Nc7 13. fxe4 fxe4 14. a3 Bg4 15. Qb3 Qd7 16. Ndxe4 Nxe4 17. Nxe4 Rxf1+ 18. Bxf1 Rf8 19. Bd2 Qf5 20. Bd3 Bh3 21. g4 Qf3 0-1

[Event "Titled Tuesday intern op 12th Apr Early"]
[Site "Chess.com INT"]
[Date "2022.04.12"]
[Round "8"]
[White "Myshakov, Fyodor"]
[Black "Estrada Nieto, Julian"]
[Result "0-1"]
[WhiteElo "2292"]
[BlackElo "2267"]
[PlyCount "46"]
[EventDate "2022.04.12"]
[EventType "swiss (blitz)"]
[EventRounds "11"]
[EventCountry "USA"]
[SourceTitle "CBM 207 Extra"]
[Source "ChessBase"]
[SourceDate "2022.05.31"]
[SourceVersion "1"]
[SourceVersionDate "2022.05.31"]
[SourceQuality "1"]

1. c4 e5 2. Nc3 Nf6 3. Nf3 Nc6 4. g3 d5 5. cxd5 Nxd5 6. Bg2 Nb6 7. 0-0 Be7 8. d3 0-0 9. Be3 f5 10. Bxb6 axb6 11. Qb3+ Kh8 12. Rfd1 Bf6 13. a3 Re8 14. e3 Be6 15. Qc2 Qd7 16. Ne2 Na5 17. Qc3 Nb3 18. Rab1 Qd6 19. d4 exd4 20. Nfxd4 Nxd4 21. exd4 Bd5 22. Bxd5 Qxd5 23. f4 Rxe2 0-1

[Event "Titled Tuesday intern op 12th Apr Early"]
[Site "Chess.com INT"]
[Date "2022.04.12"]
[Round "1"]
[White "Myshakov, Fyodor"]
[Black "Grandelius, Nils"]
[Result "1/2-1/2"]
[WhiteElo "2292"]
[BlackElo "2656"]
[PlyCount "172"]
[EventDate "2022.04.12"]
[EventType "swiss (blitz)"]
[EventRounds "11"]
[EventCountry "USA"]
[SourceTitle "CBM 207 Extra"]
[Source "ChessBase"]
[SourceDate "2022.05.31"]
[SourceVersion "1"]
[SourceVersionDate "2022.05.31"]
[SourceQuality "1"]

1. c4 e6 2. Nc3 d5 3. cxd5 exd5 4. d4 c6 5. Nf3 Bd6 6. Bg5 Ne7 7. e3 Bf5 8. Bd3 Bg6 9. 0-0 Nd7 10. Qc2 0-0 11. Bxg6 hxg6 12. a3 f6 13. Bh4 Nb6 14. Bg3 Bxg3 15. hxg3 g5 16. Rfe1 Re8 17. Rad1 Qd7 18. Na4 Nxa4 19. Qxa4 Nf5 20. b4 Nd6 21. Nd2 b5 22. Qb3 a5 23. e4 Nc4 24. bxa5 Rxa5 25. Nxc4 bxc4 26. Qb4 Rb5 27. Qa4 Kf7 28. e5 Rb2 29. Qa5 Qf5 30. Rf1 Re6 31. Qc7+ Kg6 32. a4 fxe5 33. dxe5 Qxe5 34. Qd7 Qf6 35. a5 Ra2 36. Qa7 Qe7 37. Qb6 Qa3 38. Rxd5 c3 39. Rc5 Kh7 40. Rxc6 Rxc6 41. Qxc6 Qxa5 42. Rc1 Qe5 43. Qxc3 Qf5 44. Qf3 Qg6 45. Re1 Ra4 46. Qe3 Qf5 47. Qe6 Qf6 48. Qxf6 gxf6 49. f3 Kg6 50. g4 Ra2 51. Kh2 Rb2 52. Kg3 Ra2 53. Re4 Ra1 54. Rc4 Rh1 55. Rc2 Ra1 56. Kf2 Ra3 57. g3 Ra4 58. Kg2 Ra3 59. Rf2 Rb3 60. f4 Rc3 61. Rd2 Ra3 62. f5+ Kf7 63. Rd7+ Kf8 64. Rb7 Rc3 65. Kf2 Ra3 66. Rb2 Ra4 67. Re2 Rxg4 68. Kf3 Ra4 69. g4 Ra3+ 70. Re3 Ra1 71. Re6 Kf7 72. Re4 Ra3+ 73. Re3 Ra4 74. Re4 Ra1 75. Kg3 Rg1+ 76. Kf3 Rf1+ 77. Kg2 Rc1 78. Kf3 Rc3+ 79. Kf2 Ra3 80. Ke2 Rb3 81. Kf2 Rh3 82. Ke2 Ra3 83. Kf2 Ra2+ 84. Kf3 Ra3+ 85. Kf2 Ra2+ 86. Kf3 Ra3+ 1/2-1/2

[Event "Titled Tuesday intern op 12th Apr Early"]
[Site "Chess.com INT"]
[Date "2022.04.12"]
[Round "7"]
[White "Yanayt, Eugene"]
[Black "Myshakov, Fyodor"]
[Result "0-1"]
[WhiteElo "2080"]
[BlackElo "2292"]
[PlyCount "76"]
[EventDate "2022.04.12"]
[EventType "swiss (blitz)"]
[EventRounds "11"]
[EventCountry "USA"]
[SourceTitle "CBM 207 Extra"]
[Source "ChessBase"]
[SourceDate "2022.05.31"]
[SourceVersion "1"]
[SourceVersionDate "2022.05.31"]
[SourceQuality "1"]

1. d4 d5 2. c4 dxc4 3. Nf3 Nf6 4. e3 e6 5. Bxc4 c5 6. 0-0 a6 7. Qe2 b5 8. Bd3 c4 9. Bc2 Bb7 10. a4 Qb6 11. Rd1 Be7 12. Nbd2 0-0 13. e4 Nbd7 14. e5 Nd5 15. Ne4 Rfc8 16. Nfg5 Nf8 17. Qh5 g6 18. Qh6 Qd8 19. Ng3 b4 20. Nh5 Bf6 21. exf6 Qxf6 22. Nxf6+ Nxf6 23. Qh4 N8d7 24. Bf4 b3 25. Bb1 c3 26. bxc3 Rxc3 27. Be5 Rac8 28. Qh6 Rc1 29. Bd3 b2 30. Rb1 Rxd1+ 31. Rxd1 Rc1 32. Rf1 a5 33. Nxh7 Rxf1+ 34. Kxf1 Ba6 35. Nxf6+ Nxf6 36. Bxf6 b1Q+ 37. Ke2 Qxd3+ 38. Ke1 Qe2# 0-1

[Event "Titled Tuesday intern op 22 Mar Early"]
[Site "Chess.com INT"]
[Date "2022.03.22"]
[Round "4"]
[White "Koridze, Lile"]
[Black "Myshakov, Fyodor"]
[Result "1-0"]
[WhiteElo "1979"]
[BlackElo "2292"]
[PlyCount "121"]
[EventDate "2022.03.22"]
[EventType "swiss (blitz)"]
[EventRounds "11"]
[EventCountry "USA"]
[SourceTitle "CBM 207 Extra"]
[Source "ChessBase"]
[SourceDate "2022.05.31"]
[SourceVersion "1"]
[SourceVersionDate "2022.05.31"]
[SourceQuality "1"]

1. d4 d5 2. c4 dxc4 3. Nc3 Nf6 4. e3 e6 5. Bxc4 c5 6. Nf3 a6 7. a4 Nc6 8. 0-0 cxd4 9. exd4 Nb4 10. Bg5 Be7 11. Re1 0-0 12. Qd2 Bd7 13. Rad1 Bc6 14. Ne5 Bd5 15. Nxd5 Nbxd5 16. Bd3 Bb4 17. Qc2 Bxe1 18. Bxh7+ Kh8 19. Rxe1 Nb4 20. Qd2 Kxh7 21. Qxb4 Nd5 22. Bxd8 Nxb4 23. Be7 Nc2 24. Rd1 Rfe8 25. Bc5 f6 26. Nc4 e5 27. Nb6 Rad8 28. d5 Nd4 29. f3 Nb3 30. Be3 Rd6 31. Rd3 Nd4 32. a5 Nb5 33. Bc5 Rdd8 34. d6 e4 35. fxe4 Rxe4 36. d7 Re5 37. Bf2 Kg8 38. Bg3 Re2 39. b3 Kf7 40. Kf1 Re6 41. Kf2 g6 42. Kf3 f5 43. Bh4 Re7 44. Bxe7 Kxe7 45. Re3+ Kf7 46. Rd3 Nc7 47. Nc8 Ne6 48. Nd6+ Ke7 49. Nxb7 Rxd7 50. Rxd7+ Kxd7 51. b4 Kc6 52. Nc5 Nxc5 53. bxc5 Kxc5 54. Kf4 Kb5 55. Kg5 Kxa5 56. Kxg6 Kb6 57. h4 a5 58. h5 a4 59. h6 a3 60. h7 a2 61. h8Q 1-0